El poder, una bestia magnífica : sobre el poder, la prisión y la vida /
Guardado en:
| Autor Principal: | |
|---|---|
| Formato: | Libro |
| Idioma: | Undetermined |
| Publicado: |
Buenos Aires :
Siglo Veintiuno,
2013.
|
| Edición: | 3a. ed. |
| Series: | Filosofía
|
| Materias: | |
| Etiquetas: |
Agregar Etiqueta
Sin Etiquetas, Sea el primero en etiquetar este registro!
|
| LEADER | 00521nam a22001695a 4500 | ||
|---|---|---|---|
| 001 | DER.der015637 | ||
| 008 | 260126s2013####ag############000#0#und#d | ||
| 005 | 20260127081502.0 | ||
| 245 | 1 | 0 | |a El poder, una bestia magnífica : |b sobre el poder, la prisión y la vida / |c Michel Foucault. |
| 250 | |a 3a. ed. | ||
| 260 | |a Buenos Aires : |b Siglo Veintiuno, |c 2013. | ||
| 300 | |a 285 p. | ||
| 490 | 1 | |a Filosofía | |
| 020 | |a 9789876292375 | ||
| 100 | 1 | |a Foucault, Michel. | |
| 650 | 7 | |a FILOSOFÍA | |
| 859 | |a DERECHO |b BIB. DERECHO |h 364 |i FOU |p 0010772 | ||
